000 00569nam a2200193 a 4500
005 20250116063831.0
008 991125s1959 mx 000 0 spa u
035 _aUPN01000019770
049 _aCG
050 4 _aLB41
_bE8.78
245 0 0 _aEnsayos sobre enseñanza /
_crecop. por Harold Taylor ; tr. Daniel Vieitez.
260 _aMéxico :
_bReverté,
_c1959.
300 _a344 p.
520 _aDisponible en la Colección Medina
534 _pTraducción de:
_tEssays in teaching
650 4 _aEducación
_9682
700 1 _aTaylor, Harold,
_ecomp.
905 _aLibro
999 _c19770
_d19770